| 000 | 00575cam a22002291 4500 | ||
|---|---|---|---|
| 001 | sa 68004138 | ||
| 003 | DLC | ||
| 005 | 20260227112459.0 | ||
| 008 | 940808s1965 ii 000 1 benr | ||
| 010 | _asa 68004138 | ||
| 025 | _aPL480:EP-B-1448 | ||
| 035 | _a(OCoLC)30905459 | ||
| 040 |
_aDLC _cCU _dCU _dDLC |
||
| 042 | _apremarc | ||
| 050 | 0 | 0 |
_aPK1718.A365 _bP3 |
| 100 | 1 | _aAhmad, Reyazuddin. | |
| 245 | 1 | 0 | _aPāśera bāṛīra meẏe. |
| 260 | _c[1965] | ||
| 300 |
_a105 p. (p.[101]-105 advertisements) _c19 cm. |
||
| 500 | _aIn Bengali. | ||
| 500 | _aA novel. | ||
| 999 |
_c79994 _d79994 |
||